000 00708nam a2200169 i 4500
001 154407
003 ES-MaACL
005 20230906205720.0
008 980703s1892 sp |||| | spa d
040 _aEXT
_bspa
_cEXT
100 1 _aGómez Chaix, Pedro.
_957869
245 1 0 _aApuntes acerca de los tribunales de comercio y su establecimiento en España /
_cpor Pedro Gómez Chaix.
260 _aMálaga :
_b[s.n.],
_c1892 (
_fTipografía de Poch y Creixell)
300 _a148 p. ;
_c25 cm.
852 _aES-MaACL
_jT-539-F-1
_z-- Enc. hol., conservando la cub. original
_z-- Enc. en un vol. facticio
852 _aES-MaACL
_jT-1451-F-1
_z-- Enc. hol., conservando enc. original
_z-- Enc. en un vol. facticio
999 _c154407
_d154407